| 000 | 00598nam a22002177a 4500 | ||
|---|---|---|---|
| 003 | OSt | ||
| 005 | 20151217101953.0 | ||
| 008 | 151126s2015 sp ||||| |||| 00| 0 spa d | ||
| 020 | _a9788499424156 | ||
| 040 |
_aCDMR _bcat _cCDMR |
||
| 100 | 1 |
_94598 _aCabut, Jean, _cCabu _d1938-2015 |
|
| 222 | 0 | _aPeut-on encore rire de tout? | |
| 245 | 0 | 4 | _a¿Podemos aún reírnos de todo? |
| 250 | _a1a ed. | ||
| 260 |
_aBarcelona: _bPenínsula, _c2015. |
||
| 300 | _a127 p. | ||
| 610 | 0 | 4 |
_94607 _aCharlie Hebdo |
| 650 | 0 | 4 |
_93073 _aLlibertat d'expressió |
| 650 | 0 | 4 |
_93084 _aHumorisme gràfic |
| 942 |
_2udc _cMON |
||
| 999 |
_c6898 _d6898 |
||